| 000 | 02310nam0a2200385 i 4500 | ||
|---|---|---|---|
| 001 | RU\NLR\BIBL_A\010737101 | ||
| 005 | 20241103100641.0 | ||
| 010 |
_a9785890356895 _91000 |
||
| 021 |
_aRU _b2015-17262 _91033 |
||
| 035 | _a(NILC)RuMoRGB-007885673 | ||
| 035 | _a(NLR Aleph) 010737101 | ||
| 090 |
_a9887768 _c9887768 |
||
| 100 | _a20150423d2014 km y0rusy50 ca | ||
| 101 | 0 | _arus | |
| 102 | _aRU | ||
| 105 | _aa j 000yy | ||
| 200 | 1 |
_aЖелезнодорожный путь _eучебник для студентов, обучающихся по специальности 271501 "Строительство железных дорог, мостов и транспортных тоннелей" ВПО _f[к.т.н., проф. А. М. Никонов, к.т.н., проф. А.И. Гасанов, д.т.н., проф. Б.Э. Глюзберг и др.] _gпод ред. Е. С. Ашпиза |
|
| 210 |
_aМосква _cФГБОУ "Учебно-методический центр по образованию на ж.-д. трансп." _d2014 |
||
| 215 |
_a543, [1] с. _cил., табл. _d20 |
||
| 225 | 1 |
_aВысшее профессиональное образование _iАрхитектура и строительство |
|
| 225 | 1 | _aФедеральный государственный образовательный стандарт | |
| 225 | 1 | _aУчебник для специалистов | |
| 300 | _aАвт. указаны на обороте тит. л. | ||
| 320 | _aБиблиогр.: с. 538-539 (21 назв.) | ||
| 606 |
_aЖелезнодорожный путь _jУчебники для высших учебных заведений _91046256 _3RU\NLR\AUTH\66403736 |
||
| 686 | 1 | _aО211я73-1 | |
| 701 | 1 |
_aНиконов _bА. М. _gАлександр Максимович |
|
| 701 | 1 |
_7ca _8rus _aГасанов _bА. И. _f1937-2018 _gАлександр Искандерович _9249301 _3RU\NLR\AUTH\770249357 |
|
| 701 | 1 |
_aГлюзберг _bБ. Э. _gБорис Эйнихович |
|
| 702 | 1 |
_aАшпиз _bЕ. С. _gЕвгений Самуилович _4340 |
|
| 801 | 0 |
_aRU _bРГБ _c20150313 _gRCR |
|
| 942 | _cBOOK | ||
| 980 | _aNBR | ||